College Football Matchups: Pittsburgh - Statistics

General Stats
  • This quiz has been taken 70 times
    16 since last reset
  • The average score is 12 of 16
Answer Stats
Games Opponent Subdivision % Correct
100 Penn State Power 4
93%
23 Virginia Tech Power 4
93%
108 West Virginia Power 4
93%
35 Boston College Power 4
87%
27 Duke Power 4
87%
43 Miami Power 4
87%
81 Syracuse Power 4
87%
30 Rutgers Power 4
80%
*18 Georgia Tech Power 4
73%
22 Louisville Power 4
73%
74 Notre Dame Power 4
73%
25 Ohio State Power 4
73%
27 Army Group of 5
67%
40 Navy Group of 5
67%
36 Temple Group of 5
60%
24 Nebraska Power 4
40%
No matching quizzes found
Score Distribution
Percent of People with Each Score
Percentile by Number Answered
Your Score History
You have not taken this quiz since the last reset